[Event "Rochefort op-A 19th"]
[Site "Rochefort"]
[Date "2020.02.22"]
[Round "1"]
[White "Coste, Thierry"]
[Black "Vorobiov, Evgeny E"]
[Result "0-1"]
[WhiteElo "2056"]
[BlackElo "2520"]
[PlyCount "56"]
[EventDate "2020.02.22"]
[EventType "swiss"]
[EventRounds "9"]
[EventCountry "FRA"]
[SourceTitle "CBM 195 Extra"]
[Source "ChessBase"]
[SourceDate "2020.05.31"]
[SourceVersion "1"]
[SourceVersionDate "2020.05.31"]
[SourceQuality "1"]

1. Nf3 g6 2. d4 Nf6 3. Nc3 d5 4. Bf4 Bg7 5. e3 0-0 6. Be2 c5 7. Ne5 cxd4 8. exd4 Nc6 9. 0-0 Bf5 10. Nxc6 bxc6 11. Na4 Nd7 12. g4 Be6 13. c3 f5 14. g5 Bf7 15. Bg3 e5 16. dxe5 Nxe5 17. f4 Nd7 18. Bf2 Re8 19. Bf3 Qc7 20. Qd2 Qa5 21. b3 Rad8 22. Rfd1 Nb6 23. Bd4 Nxa4 24. Bxg7 Kxg7 25. Qd4+ Kg8 26. bxa4 c5 27. Qd2 Qxa4 28. Rab1 d4 0-1

[Event "Hauts de Seine-ch"]
[Site "Issy les Moulineaux"]
[Date "2013.06.16"]
[Round "3"]
[White "Coste, Thierry"]
[Black "Ferry, Roger"]
[Result "0-1"]
[WhiteElo "2109"]
[BlackElo "2034"]
[PlyCount "122"]
[EventDate "2013.06.15"]
[EventType "swiss"]
[EventRounds "5"]
[EventCountry "FRA"]
[SourceTitle "EXT 2015"]
[Source "ChessBase"]
[SourceDate "2014.11.20"]
[SourceVersion "1"]
[SourceVersionDate "2014.11.20"]
[SourceQuality "1"]

1. Nf3 d5 2. d4 Nf6 3. Bg5 Bf5 4. e3 c6 5. Bxf6 exf6 6. Bd3 Bxd3 7. Qxd3 Bd6 8. 0-0 0-0 9. Nbd2 Nd7 10. e4 Re8 11. c4 dxc4 12. Nxc4 Nb6 13. Rfe1 Nxc4 14. Qxc4 Qb6 15. a3 Re6 16. Re2 Rae8 17. Rae1 Qc7 18. Qc3 Qe7 19. e5 fxe5 20. dxe5 Bc7 21. Kf1 h6 22. Re4 Bb6 23. Nd2 Rd8 24. Nc4 Bc7 25. f4 Qd7 26. h3 Ree8 27. g4 b5 28. Ne3 Qd3+ 29. Qxd3 Rxd3 30. Rd1 Red8 31. Ke2 Rb3 32. Rxd8+ Bxd8 33. Rb4 Rxb4 34. axb4 g5 35. Nf5 Kh7 36. Nd4 gxf4 37. Nxc6 Bb6 38. Kf3 Be3 39. Ne7 Bc1 40. b3 Kg7 41. Nd5 Bd2 42. Nxf4 Bxb4 43. Ke4 a5 44. Nd5 Be1 45. Nc7 a4 46. Nxb5 axb3 47. Na3 b2 48. Kf5 Bh4 49. Nb1 Kf8 50. Na3 Ke7 51. Nb1 Kd7 52. Na3 Kc6 53. Ke4 Be7 54. Nb1 Kc5 55. e6 fxe6 56. Ke5 Kc4 57. Kxe6 Bb4 58. Kf5 Kd3 59. Kg6 Kc2 60. Kxh6 Kxb1 61. g5 Bd2 0-1

[Event "FRA-chT1"]
[Site "Sautron"]
[Date "2013.04.07"]
[Round "11.7"]
[White "Jaouen, Valentin"]
[Black "Coste, Thierry"]
[Result "1/2-1/2"]
[WhiteElo "1979"]
[BlackElo "2290"]
[PlyCount "74"]
[EventDate "2013.04.??"]
[EventType "team-match"]
[EventRounds "9"]
[EventCountry "FRA"]
[SourceTitle "EXT 2014"]
[Source "ChessBase"]
[SourceDate "2013.11.20"]
[SourceVersion "1"]
[SourceVersionDate "2013.11.20"]
[SourceQuality "1"]
[WhiteTeam "Sautron"]
[BlackTeam "Clichy II"]
[WhiteTeamCountry "FRA"]
[BlackTeamCountry "FRA"]

1. e4 c5 2. Nf3 Nc6 3. d4 cxd4 4. Nxd4 g6 5. Nxc6 bxc6 6. Qd4 Nf6 7. Nc3 d6 8. Be3 Bg7 9. f3 0-0 10. Qd2 Be6 11. Be2 Qa5 12. 0-0 Rfd8 13. Rad1 Rab8 14. b3 Nd7 15. Na4 Qc7 16. c4 Nb6 17. Nc3 a5 18. Rc1 Qb7 19. Rfd1 Qa8 20. Qe1 c5 21. Nd5 Bxd5 22. exd5 a4 23. Bd2 axb3 24. axb3 Nd7 25. Rb1 Rb7 26. Bc3 Rdb8 27. Bxg7 Kxg7 28. Ra1 Ra7 29. Rxa7 Qxa7 30. Ra1 Qb7 31. Bd1 Nf6 32. Ra2 Qb4 33. Qxb4 Rxb4 34. Ra7 Kf8 35. Ra8+ Kg7 36. Ra7 Kf8 37. Ra8+ Kg7 1/2-1/2

[Event "Lenk op 23rd"]
[Site "Lenk"]
[Date "2012.04.06"]
[Round "3"]
[White "Coste, Thierry"]
[Black "Sutter, Dominik"]
[Result "0-1"]
[WhiteElo "2162"]
[BlackElo "2113"]
[PlyCount "148"]
[EventDate "2012.04.05"]
[EventType "swiss"]
[EventRounds "7"]
[EventCountry "SUI"]
[SourceTitle "CBM 148 Extra"]
[Source "ChessBase"]
[SourceDate "2012.06.22"]
[SourceVersion "1"]
[SourceVersionDate "2012.06.22"]
[SourceQuality "1"]

1. Nf3 Nf6 2. d4 g6 3. Nc3 Bg7 4. e4 d6 5. Be2 c6 6. a4 Qc7 7. a5 Bg4 8. Be3 Nbd7 9. Nd2 Bxe2 10. Qxe2 e5 11. d5 0-0 12. 0-0 Nh5 13. Rfd1 Nf4 14. Qf1 cxd5 15. exd5 a6 16. Ra4 b5 17. axb6 Nxb6 18. Bxb6 Qxb6 19. Nc4 Qc7 20. Ne3 Qb7 21. Ra2 f5 22. Nc4 Qe7 23. Ne2 Nh5 24. f4 e4 25. c3 g5 26. g3 Rac8 27. Ne3 gxf4 28. gxf4 Rf6 29. Kh1 Rcf8 30. Qf2 Rg6 31. Raa1 Qa7 32. Rg1 Nf6 33. Rad1 Rf7 34. Nd4 Ng4 35. Nxg4 fxg4 36. Qg3 Bxd4 37. Rxd4 Qb6 38. b4 Qb5 39. c4 Qxb4 40. Rxe4 Qd2 41. f5 Rxf5 42. Rxg4 Rff6 43. Qh3 Qe2 44. Rxg6+ hxg6 45. Qc8+ Kg7 46. Qd7+ Rf7 47. Qg4 Qxg4 48. Rxg4 a5 49. Kg2 a4 50. c5 dxc5 51. Rxa4 Rd7 52. Kf3 Rxd5 53. Ke4 Rh5 54. Ra5 Rxh2 55. Rxc5 Rf2 56. Ke3 Rf7 57. Rc4 Kh6 58. Ke2 g5 59. Rc3 Kh5 60. Rc5 Kh4 61. Rc3 g4 62. Rc8 Kh3 63. Rh8+ Kg2 64. Rg8 Re7+ 65. Kd2 g3 66. Rh8 Kg1 67. Rg8 g2 68. Rh8 Rf7 69. Ke2 Re7+ 70. Kd2 Re5 71. Rg8 Kf2 72. Rf8+ Kg3 73. Rg8+ Kf3 74. Rf8+ Kg4 0-1

[Event "FRA-chT1A 1112"]
[Site "France"]
[Date "2011.11.12"]
[Round "2.5"]
[White "Auvray, Simon"]
[Black "Coste, Thierry"]
[Result "1/2-1/2"]
[WhiteElo "2009"]
[BlackElo "2160"]
[PlyCount "61"]
[EventDate "2011.10.16"]
[EventType "team-tourn"]
[EventRounds "11"]
[EventCountry "FRA"]
[SourceTitle "EXT 2013"]
[Source "ChessBase"]
[SourceDate "2012.11.22"]
[SourceVersion "1"]
[SourceVersionDate "2012.11.22"]
[SourceQuality "1"]
[WhiteTeam "Agneaux Saint Lo"]
[BlackTeam "Clichy"]
[WhiteTeamCountry "FRA"]
[BlackTeamCountry "FRA"]

1. e4 c5 2. Nf3 g6 3. c3 Bg7 4. d4 cxd4 5. cxd4 d5 6. e5 Nc6 7. Nc3 Nh6 8. Bf4 Bg4 9. Qd2 Nf5 10. Be2 Bxf3 11. Bxf3 e6 12. Ne2 Qb6 13. Rd1 f6 14. Bg4 0-0 15. Bxf5 exf5 16. exf6 Bxf6 17. 0-0 Rfe8 18. Rfe1 Rad8 19. b3 Rd7 20. Nc3 Rxe1+ 21. Qxe1 Re7 22. Qd2 Qa5 23. b4 Qd8 24. b5 Na5 25. Qd3 Nc4 26. Qf3 Rd7 27. h3 Kg7 28. Qe2 Re7 29. Qf3 Rd7 30. Qe2 Re7 31. Qf3 1/2-1/2

[Event "Fourmies op 34th"]
[Site "Fourmies"]
[Date "2010.05.23"]
[Round "3"]
[White "Coste, Thierry"]
[Black "Strugnell, Carl"]
[Result "0-1"]
[WhiteElo "2189"]
[BlackElo "2255"]
[PlyCount "103"]
[EventDate "2010.05.22"]
[EventType "swiss"]
[EventRounds "7"]
[EventCountry "FRA"]
[SourceTitle "CBM 136 Extra"]
[Source "ChessBase"]
[SourceDate "2010.07.02"]
[SourceVersion "2"]
[SourceVersionDate "2010.07.15"]
[SourceQuality "1"]

1. e4 c5 2. Nf3 d6 3. d4 cxd4 4. Nxd4 Nf6 5. Nc3 Nc6 6. Nb3 e6 7. f4 Be7 8. Bd3 a6 9. Qf3 Qc7 10. 0-0 0-0 11. Bd2 Nb4 12. Kh1 Nxd3 13. cxd3 b5 14. Rac1 Qb8 15. Na5 Bd7 16. Ne2 Qb6 17. b4 Rac8 18. Be3 Qb8 19. Nd4 Qa8 20. Ndb3 Rxc1 21. Rxc1 Rc8 22. a3 Rxc1+ 23. Bxc1 Qc8 24. Qe2 Bd8 25. Bb2 Ne8 26. h3 g6 27. Qf2 f5 28. Qd4 Bf6 29. e5 Bg7 30. Qa7 dxe5 31. fxe5 Qc7 32. Qxc7 Nxc7 33. Nc5 Be8 34. Kg1 g5 35. Kf2 f4 36. Nab7 Bc6 37. Nd6 h6 38. Nde4 Kf7 39. Bd4 Kg6 40. g4 fxg3+ 41. Kxg3 h5 42. h4 gxh4+ 43. Kxh4 Bh6 44. Bb2 Bf4 45. Kh3 Bd5 46. Nd7 Bb3 47. Ndf6 Bd1 48. Kg2 Nd5 49. Nxd5 exd5 50. Nc3 Bb3 51. Ne2 Bg5 52. Nd4 0-1

[Event "Fourmies op 34th"]
[Site "Fourmies"]
[Date "2010.05.22"]
[Round "2"]
[White "David, Alberto"]
[Black "Coste, Thierry"]
[Result "1/2-1/2"]
[WhiteElo "2631"]
[BlackElo "2189"]
[PlyCount "76"]
[EventDate "2010.05.22"]
[EventType "swiss"]
[EventRounds "7"]
[EventCountry "FRA"]
[SourceTitle "CBM 136 Extra"]
[Source "ChessBase"]
[SourceDate "2010.07.02"]
[SourceVersion "2"]
[SourceVersionDate "2010.07.15"]
[SourceQuality "1"]

1. e4 c5 2. Nf3 g6 3. d4 cxd4 4. Qxd4 Nf6 5. e5 Nc6 6. Qa4 Nd5 7. Qe4 Ndb4 8. Bb5 Qa5 9. Nc3 Bg7 10. a3 0-0 11. Ba4 d5 12. Qh4 Na6 13. b4 Qd8 14. Bf4 Nc7 15. 0-0 e6 16. Bg5 f6 17. exf6 Bxf6 18. Rad1 Qe7 19. Rfe1 Qg7 20. Bxf6 Rxf6 21. Qg3 Rf8 22. Ne2 b5 23. Bb3 Bb7 24. Ned4 Nxd4 25. Nxd4 Rf6 26. Qd6 Qf7 27. Nf3 Re8 28. Ne5 Qe7 29. Qxe7 Rxe7 30. a4 Rf5 31. c3 Kg7 32. Bc2 Rf8 33. Bd3 bxa4 34. Ra1 a6 35. Rxa4 Ree8 36. Nd7 Bc6 37. Rxa6 Nxa6 38. Nxf8 Nc7 1/2-1/2

[Event "Syre Memorial op 33th"]
[Site "Issy les Moulineaux"]
[Date "2010.05.16"]
[Round "6"]
[White "Coste, Thierry"]
[Black "Sochacki, Christophe"]
[Result "0-1"]
[WhiteElo "2189"]
[BlackElo "2343"]
[PlyCount "66"]
[EventDate "2010.05.13"]
[EventType "swiss"]
[EventRounds "6"]
[EventCountry "FRA"]
[SourceTitle "EXT 2011"]
[Source "ChessBase"]
[SourceDate "2010.11.26"]
[SourceVersion "1"]
[SourceVersionDate "2010.11.26"]
[SourceQuality "1"]

1. e4 e6 2. d4 d5 3. Nc3 Nf6 4. Bg5 Be7 5. e5 Nfd7 6. h4 0-0 7. Qg4 Kh8 8. Bxe7 Qxe7 9. Nf3 c5 10. dxc5 Nc6 11. Qg3 Qxc5 12. Bd3 d4 13. Ne4 Qa5+ 14. b4 Qxb4+ 15. Ke2 Qe7 16. Neg5 f5 17. Qf4 Nb6 18. Rag1 Bd7 19. g4 Nd5 20. Qd2 h6 21. Kf1 fxg4 22. Rxg4 Qb4 23. Qxb4 Ncxb4 24. Rxd4 Nxd3 25. cxd3 Kg8 26. Nd2 hxg5 27. hxg5 Bc6 28. Rg1 Nf4 29. Rg4 Ng6 30. Nc4 b5 31. Nd6 Nxe5 32. Rg3 Rad8 33. g6 Nf3 0-1

[Event "Syre Memorial op 33th"]
[Site "Issy les Moulineaux"]
[Date "2010.05.15"]
[Round "4"]
[White "Coste, Thierry"]
[Black "Guilchard, Benjamin"]
[Result "1-0"]
[WhiteElo "2189"]
[BlackElo "1927"]
[PlyCount "69"]
[EventDate "2010.05.13"]
[EventType "swiss"]
[EventRounds "6"]
[EventCountry "FRA"]
[SourceTitle "EXT 2011"]
[Source "ChessBase"]
[SourceDate "2010.11.26"]
[SourceVersion "1"]
[SourceVersionDate "2010.11.26"]
[SourceQuality "1"]

1. Nf3 Nf6 2. d4 g6 3. Nc3 Bg7 4. e4 d6 5. Be2 0-0 6. 0-0 Nbd7 7. e5 Ne8 8. Bf4 c5 9. dxc5 Nxc5 10. Qd2 Ne6 11. Bg3 dxe5 12. Qxd8 Nxd8 13. Nxe5 Nd6 14. Bd3 Ne6 15. Nd5 Re8 16. Rfe1 Bf8 17. Rad1 Rd8 18. b4 Bd7 19. Nxd7 Rxd7 20. c4 b6 21. b5 Nc5 22. Be2 Nde4 23. Bf3 Nxg3 24. hxg3 Rc8 25. Nb4 e6 26. Nc6 Kg7 27. Rxd7 Nxd7 28. a4 Nb8 29. Rd1 Nxc6 30. bxc6 a5 31. Rd7 Kf6 32. c7 Bd6 33. Rxd6 Rxc7 34. Rxb6 Rxc4 35. Bc6 1-0

[Event "FRA-chT1 0910"]
[Site "France"]
[Date "2009.11.21"]
[Round "4.7"]
[White "Silvert, Alexandre"]
[Black "Coste, Thierry"]
[Result "0-1"]
[WhiteElo "1979"]
[BlackElo "2193"]
[PlyCount "49"]
[EventDate "2009.09.27"]
[EventType "team-tourn"]
[EventRounds "11"]
[EventCountry "FRA"]
[SourceTitle "EXT 2011"]
[Source "ChessBase"]
[SourceDate "2010.11.26"]
[SourceVersion "1"]
[SourceVersionDate "2010.11.26"]
[SourceQuality "1"]

1. d4 Nf6 2. c4 e6 3. Nf3 c5 4. g3 a6 5. Bg2 cxd4 6. Nxd4 Qc7 7. Qa4 Nc6 8. Nb5 Qb8 9. N5c3 Be7 10. 0-0 0-0 11. Rd1 h6 12. h3 Bc5 13. Nd2 d5 14. cxd5 exd5 15. Nxd5 Nxd5 16. Ne4 Nb6 17. Nf6+ gxf6 18. Qh4 Qe5 19. Bf4 Qf5 20. Bxh6 Re8 21. g4 Qg6 22. g5 fxg5 23. Bxg5 Rxe2 24. Kh1 Qh7 25. Bh6 0-1

[Event "FRA-chT1 0910"]
[Site "France"]
[Date "2009.10.04"]
[Round "1.7"]
[White "Coste, Thierry"]
[Black "Gaudron, Fanny"]
[Result "1-0"]
[WhiteElo "2185"]
[BlackElo "2045"]
[PlyCount "141"]
[EventDate "2009.09.27"]
[EventType "team-tourn"]
[EventRounds "11"]
[EventCountry "FRA"]
[SourceTitle "EXT 2011"]
[Source "ChessBase"]
[SourceDate "2010.11.26"]
[SourceVersion "1"]
[SourceVersionDate "2010.11.26"]
[SourceQuality "1"]

1. e4 e5 2. Nf3 Nc6 3. Bc4 Be7 4. 0-0 Nf6 5. d3 d6 6. c3 0-0 7. Bb3 b5 8. Re1 Bb7 9. Nbd2 Na5 10. Bc2 c5 11. Nf1 Qc7 12. Ng3 Rfe8 13. Nf5 Bf8 14. Bg5 Nd7 15. N3h4 h6 16. Bd2 Nc6 17. Re3 Nf6 18. Rg3 Kh7 19. Qf3 Re6 20. Re1 g6 21. Bb3 c4 22. dxc4 Na5 23. Rh3 Nxb3 24. axb3 Ng8 25. cxb5 gxf5 26. Nxf5 Rg6 27. c4 Qd7 28. Rh5 Qe6 29. Qh3 Nf6 30. Rh4 Ng8 31. Re3 Rf6 32. g4 a6 33. b6 a5 34. g5 Rg6 35. Rg3 Ra6 36. gxh6 Nf6 37. Qg2 Nxe4 38. Ng7 Rxg3 39. hxg3 Qg6 40. Be3 Ba8 41. Ne8 Nc5 42. f3 Rxb6 43. Rg4 Qf5 44. Rg5 Qb1+ 45. Qf1 Qxf1+ 46. Kxf1 d5 47. Rf5 f6 48. Nxf6+ Kg6 49. h7 Bg7 50. Nh5 Bh8 51. Rg5+ Kxh7 52. Bxc5 Rxb3 53. f4 dxc4 54. fxe5 Rxb2 55. Nf6+ Kh6 56. Rh5+ Kg7 57. Rh7+ Kg6 58. Rxh8 Bg2+ 59. Ke1 c3 60. Rc8 Rb1+ 61. Kf2 Bb7 62. Rc7 c2 63. Be3 Rb2 64. Bc1 Rb1 65. Rxc2 Kf5 66. Rc5 a4 67. Ne8 Ke6 68. Nc7+ Ke7 69. Bg5+ Kf8 70. e6 Rb2+ 71. Ke3 1-0

[Event "Syre Memorial op 32nd"]
[Site "Issy les Moulineaux"]
[Date "2009.05.24"]
[Round "6"]
[White "Coste, Thierry"]
[Black "Shoker, Samy"]
[Result "0-1"]
[WhiteElo "2163"]
[BlackElo "2404"]
[PlyCount "88"]
[EventDate "2009.05.21"]
[EventType "swiss"]
[EventRounds "6"]
[EventCountry "FRA"]
[SourceTitle "EXT 2010"]
[Source "ChessBase"]
[SourceDate "2010.11.25"]
[SourceVersion "1"]
[SourceVersionDate "2010.11.25"]
[SourceQuality "1"]

1. Nf3 g6 2. d4 Bg7 3. e4 d6 4. Bd3 Nf6 5. 0-0 0-0 6. Re1 Nc6 7. c3 h6 8. h3 e5 9. dxe5 dxe5 10. Be3 Nh5 11. Na3 a6 12. Bf1 Qf6 13. Nh2 Kh7 14. Nc2 Nf4 15. Qf3 g5 16. Rad1 Qg6 17. Rd2 f5 18. Bc5 fxe4 19. Qd1 Rf7 20. Ne3 b6 21. Ba3 Be6 22. Qa4 Bd7 23. Qd1 Nd3 24. Bxd3 exd3 25. Rxd3 Be6 26. Rd2 e4 27. Rf1 Ne5 28. Rd8 Rxd8 29. Qxd8 h5 30. Qa8 a5 31. Qd8 Bxa2 32. Rd1 Be6 33. Rd2 Nd3 34. Nhf1 Be5 35. Be7 g4 36. hxg4 Bxg4 37. Bh4 Be6 38. Qa8 Bf4 39. Bg3 Bg5 40. Qc6 Bf5 41. Qc4 h4 42. Bh2 Bh6 43. Re2 Be6 44. Qc6 h3 0-1

[Event "Syre Memorial op 32nd"]
[Site "Issy les Moulineaux"]
[Date "2009.05.23"]
[Round "4"]
[White "Coste, Thierry"]
[Black "Torralba, Michel"]
[Result "1-0"]
[WhiteElo "2163"]
[BlackElo "1967"]
[PlyCount "65"]
[EventDate "2009.05.21"]
[EventType "swiss"]
[EventRounds "6"]
[EventCountry "FRA"]
[SourceTitle "EXT 2010"]
[Source "ChessBase"]
[SourceDate "2010.11.25"]
[SourceVersion "1"]
[SourceVersionDate "2010.11.25"]
[SourceQuality "1"]

1. e4 c5 2. Nf3 Nc6 3. d4 cxd4 4. Nxd4 Nf6 5. Nc3 e5 6. Nde2 Bc5 7. Ng3 d6 8. Be2 a6 9. 0-0 0-0 10. Bg5 h6 11. Bxf6 Qxf6 12. Nd5 Qh4 13. Qd3 g6 14. c3 Be6 15. b4 Ba7 16. a4 Ne7 17. Rad1 Bxd5 18. exd5 f5 19. c4 e4 20. Qb3 Qf6 21. c5 Kh7 22. Rc1 Qe5 23. Rfd1 f4 24. Nxe4 Qxe4 25. Bd3 Qe5 26. Re1 Qg5 27. cxd6 Nf5 28. Rc7+ Kg8 29. Bxf5 Qxf5 30. Ree7 Bd4 31. d7 Rf7 32. Rxf7 Qxf7 33. Rc8+ 1-0

[Event "Syre Memorial op 32nd"]
[Site "Issy les Moulineaux"]
[Date "2009.05.23"]
[Round "5"]
[White "De Cohen, Lisa"]
[Black "Coste, Thierry"]
[Result "0-1"]
[WhiteElo "1546"]
[BlackElo "2163"]
[PlyCount "62"]
[EventDate "2009.05.21"]
[EventType "swiss"]
[EventRounds "6"]
[EventCountry "FRA"]
[SourceTitle "EXT 2010"]
[Source "ChessBase"]
[SourceDate "2010.11.25"]
[SourceVersion "1"]
[SourceVersionDate "2010.11.25"]
[SourceQuality "1"]

1. d4 Nf6 2. Nf3 e6 3. e3 b6 4. Bd3 Bb7 5. Nbd2 c5 6. c3 cxd4 7. exd4 Be7 8. Qe2 0-0 9. 0-0 d6 10. c4 Nbd7 11. b4 Re8 12. Bb2 Rc8 13. Rac1 Bf8 14. Qd1 e5 15. dxe5 dxe5 16. Bf5 Bxb4 17. Qa4 a5 18. Rfd1 Bc6 19. Qc2 g6 20. Bxd7 Nxd7 21. Ne4 Qe7 22. Qd3 Rcd8 23. Qe2 f5 24. Nc3 Bc5 25. Nd5 Bxd5 26. Rxd5 e4 27. Nd4 Qf7 28. Qe3 Ne5 29. Rxe5 Rxe5 30. Qh6 Bxd4 31. Rd1 Qxc4 0-1

[Event "FRA-chT1A 0809"]
[Site "France"]
[Date "2009.02.08"]
[Round "7.8"]
[White "Coste, Thierry"]
[Black "Laruelle, Joel"]
[Result "1-0"]
[WhiteElo "2171"]
[BlackElo "2133"]
[PlyCount "54"]
[EventDate "2008.10.19"]
[EventType "team-tourn"]
[EventRounds "11"]
[EventCountry "FRA"]
[SourceTitle "EXT 2010"]
[Source "ChessBase"]
[SourceDate "2010.11.25"]
[SourceVersion "1"]
[SourceVersionDate "2010.11.25"]
[SourceQuality "1"]
[WhiteTeam "Clichy II"]
[BlackTeam "Hyeres"]
[WhiteTeamCountry "FRA"]
[BlackTeamCountry "FRA"]

1. e4 e5 2. Nf3 Nc6 3. Bc4 Nf6 4. Ng5 d5 5. exd5 b5 6. Bf1 Nd4 7. c3 Nxd5 8. Ne4 Qh4 9. Ng3 Bg4 10. f3 e4 11. cxd4 Bd6 12. Bxb5+ Kf8 13. 0-0 exf3 14. Rxf3 Bxf3 15. Qxf3 Qxd4+ 16. Kh1 Rd8 17. Nc3 Nf6 18. Nf5 Qe5 19. Nxd6 Rxd6 20. d4 Qe1+ 21. Qf1 Qh4 22. Bf4 Rxd4 23. Bg3 Qg5 24. Re1 Rb4 25. Qe2 g6 26. Qe7+ Kg7 27. Qxb4 c5 1-0

[Event "Metz op 26th"]
[Site "Metz"]
[Date "2008.04.27"]
[Round "9"]
[White "Bruned, Boris"]
[Black "Coste, Thierry"]
[Result "1-0"]
[WhiteElo "2227"]
[BlackElo "2182"]
[PlyCount "85"]
[EventDate "2008.04.19"]
[EventType "swiss"]
[EventRounds "9"]
[EventCountry "FRA"]
[SourceTitle "CBM 123 Extra"]
[Source "ChessBase"]
[SourceDate "2008.05.06"]
[SourceVersion "1"]
[SourceVersionDate "2008.05.06"]
[SourceQuality "1"]

1. e4 c5 2. Nf3 g6 3. d4 cxd4 4. Nxd4 Bg7 5. Nc3 Nc6 6. Be3 Nf6 7. Bc4 Qa5 8. 0-0 0-0 9. Nb3 Qc7 10. Re1 d6 11. Bf1 Be6 12. h3 a6 13. Qd2 Rfe8 14. f4 Na5 15. Bd4 Nc4 16. Bxc4 Bxc4 17. Rad1 Rac8 18. Qf2 e5 19. Bb6 Qe7 20. f5 Nd7 21. Be3 Bxb3 22. axb3 Rxc3 23. bxc3 Nc5 24. Bxc5 dxc5 25. Rd5 b6 26. Red1 Qg5 27. h4 Qf4 28. Qxf4 exf4 29. Rd8 Kf8 30. Rxe8+ Kxe8 31. Rd6 Bxc3 32. Rxb6 a5 33. Kf2 Ke7 34. Kf3 Bd2 35. h5 gxh5 36. e5 Kd7 37. Rb7+ Ke8 38. Rb8+ Ke7 39. f6+ Ke6 40. Ke4 h4 41. Re8+ Kd7 42. Re7+ Kd8 43. Rxf7 1-0

[Event "Metz op 26th"]
[Site "Metz"]
[Date "2008.04.24"]
[Round "6"]
[White "Spirin, Oleg"]
[Black "Coste, Thierry"]
[Result "1-0"]
[WhiteElo "2430"]
[BlackElo "2182"]
[PlyCount "85"]
[EventDate "2008.04.19"]
[EventType "swiss"]
[EventRounds "9"]
[EventCountry "FRA"]
[SourceTitle "CBM 123 Extra"]
[Source "ChessBase"]
[SourceDate "2008.05.06"]
[SourceVersion "1"]
[SourceVersionDate "2008.05.06"]
[SourceQuality "1"]

1. d4 Nf6 2. c4 d6 3. Nf3 g6 4. g3 Bg7 5. Bg2 0-0 6. 0-0 a6 7. Nc3 Nc6 8. d5 Na5 9. Nd2 c5 10. Qc2 Rb8 11. b3 b5 12. Bb2 Nd7 13. Nd1 Bxb2 14. Nxb2 Re8 15. Nd3 Nf8 16. Qc3 Bd7 17. Rae1 Nb7 18. f4 Qa5 19. Qb2 Qc7 20. Qc3 b4 21. Qb2 a5 22. e4 Ra8 23. e5 Bf5 24. Be4 a4 25. Bxf5 gxf5 26. h4 axb3 27. axb3 Ra6 28. h5 Rea8 29. Nc1 e6 30. Rf2 Qd8 31. Nf3 h6 32. Rg2 Kh7 33. g4 Nd7 34. gxf5 dxe5 35. fxe6 fxe6 36. Nxe5 Nxe5 37. Qxe5 Qe7 38. f5 Rf8 39. Nd3 Raa8 40. Nf4 Rg8 41. Rg6 Raf8 42. Nxe6 Rf7 43. Qf4 1-0

[Event "Metz op 26th"]
[Site "Metz"]
[Date "2008.04.23"]
[Round "5"]
[White "Coste, Thierry"]
[Black "Bruned, Vianney"]
[Result "1-0"]
[WhiteElo "2182"]
[BlackElo "1921"]
[PlyCount "47"]
[EventDate "2008.04.19"]
[EventType "swiss"]
[EventRounds "9"]
[EventCountry "FRA"]
[SourceTitle "CBM 123 Extra"]
[Source "ChessBase"]
[SourceDate "2008.05.06"]
[SourceVersion "1"]
[SourceVersionDate "2008.05.06"]
[SourceQuality "1"]

1. e4 c5 2. Nc3 a6 3. Nf3 d6 4. d4 cxd4 5. Nxd4 Nf6 6. Bg5 e6 7. f4 Qb6 8. a3 Be7 9. e5 dxe5 10. fxe5 Nfd7 11. Bxe7 Kxe7 12. Qg4 Qxb2 13. Kd2 Qxa1 14. Qxg7 Rf8 15. Nxe6 Qxc3+ 16. Kxc3 Kxe6 17. Bc4+ Ke7 18. Rf1 Nc6 19. Bxf7 Rxf7 20. Qxf7+ Kd8 21. e6 Kc7 22. Rd1 Nce5 23. Qf4 Kc6 24. e7 1-0

[Event "Metz op 26th"]
[Site "Metz"]
[Date "2008.04.22"]
[Round "4"]
[White "Shirazi, Kamran"]
[Black "Coste, Thierry"]
[Result "1-0"]
[WhiteElo "2448"]
[BlackElo "2182"]
[PlyCount "69"]
[EventDate "2008.04.19"]
[EventType "swiss"]
[EventRounds "9"]
[EventCountry "FRA"]
[SourceTitle "CBM 123 Extra"]
[Source "ChessBase"]
[SourceDate "2008.05.06"]
[SourceVersion "1"]
[SourceVersionDate "2008.05.06"]
[SourceQuality "1"]

1. e4 Nc6 2. Nc3 Nf6 3. d4 d5 4. e5 Nd7 5. f4 Nb6 6. Be3 Bf5 7. g4 Bd7 8. Qf3 h5 9. gxh5 Nb4 10. 0-0-0 Bf5 11. e6 Nxc2 12. exf7+ Kxf7 13. Bf2 e6 14. Bd3 Nb4 15. Bxf5 exf5 16. Qh3 Bd6 17. Nf3 Qf6 18. Ne5+ Kg8 19. Rhg1 Bxe5 20. dxe5 Qe6 21. Rg5 Rh7 22. Rxf5 Qc6 23. Kb1 Nc4 24. a3 a5 25. Qf3 Kh8 26. axb4 axb4 27. Qxd5 Rh6 28. Qxc6 Rxc6 29. Nb5 b3 30. Na3 b5 31. Nxc4 Rxc4 32. e6 Rca4 33. Kc1 Re4 34. Re5 Rxf4 35. e7 1-0

[Event "FRA-chT1A 0607"]
[Site "France"]
[Date "2007.02.11"]
[Round "8.7"]
[White "Amoyal, Pierre"]
[Black "Coste, Thierry"]
[Result "1/2-1/2"]
[WhiteElo "2154"]
[BlackElo "2219"]
[PlyCount "45"]
[EventDate "2006.10.15"]
[EventType "team-tourn"]
[EventRounds "11"]
[EventCountry "FRA"]
[SourceTitle "EXT 2008"]
[Source "ChessBase"]
[SourceDate "2007.11.25"]
[SourceVersion "1"]
[SourceVersionDate "2007.11.25"]
[SourceQuality "1"]
[WhiteTeam "Deauville"]
[BlackTeam "Clichy II"]
[WhiteTeamCountry "FRA"]
[BlackTeamCountry "FRA"]

1. d4 Nf6 2. c4 d6 3. Nc3 Nbd7 4. Nf3 e5 5. e3 c6 6. Be2 Be7 7. 0-0 Qc7 8. Qc2 0-0 9. b3 Re8 10. Bb2 Nf8 11. h3 Ng6 12. Rad1 a6 13. c5 exd4 14. cxd6 Bxd6 15. Rxd4 b6 16. b4 Bb7 17. Rc1 Qe7 18. Rcd1 Rad8 19. Qb3 b5 20. a3 h6 21. Bd3 Ne5 22. Be2 Ng6 23. Bd3 1/2-1/2

[Event "FRA-chT1A 0607"]
[Site "France"]
[Date "2007.02.11"]
[Round "11.5"]
[White "Rihouay, Clement"]
[Black "Coste, Thierry"]
[Result "0-1"]
[WhiteElo "2192"]
[BlackElo "2219"]
[PlyCount "62"]
[EventDate "2006.10.15"]
[EventType "team-tourn"]
[EventRounds "11"]
[EventCountry "FRA"]
[SourceTitle "EXT 2008"]
[Source "ChessBase"]
[SourceDate "2007.11.25"]
[SourceVersion "1"]
[SourceVersionDate "2007.11.25"]
[SourceQuality "1"]
[WhiteTeam "Nantes"]
[BlackTeam "Clichy II"]
[WhiteTeamCountry "FRA"]
[BlackTeamCountry "FRA"]

1. e4 c5 2. Nf3 Nc6 3. d4 cxd4 4. Nxd4 g6 5. c4 Nf6 6. Nc3 d6 7. Be2 Bg7 8. Be3 0-0 9. Qd2 Bd7 10. f3 a5 11. 0-0 Nxd4 12. Bxd4 Bc6 13. b3 Nd7 14. Be3 Nc5 15. Rab1 Qb6 16. Rfc1 Rfc8 17. Rc2 Qd8 18. a3 Qf8 19. Bf1 Be5 20. Qf2 f5 21. Nd5 fxe4 22. Nb6 exf3 23. Nxa8 Rxa8 24. gxf3 Qf5 25. b4 axb4 26. axb4 Ne6 27. Bg2 Ra3 28. Re1 Rxe3 29. Rxe3 Bd4 30. Kh1 Nf4 31. Rc1 Nxg2 0-1